[Event "Czech Open GM 2020"]
[Site "Pardubice"]
[Date "2020.09.28"]
[Round "9.11"]
[White "Arkell, Keith C"]
[Black "Simek, Petr"]
[Result "0-1"]
[WhiteElo "2429"]
[BlackElo "2289"]
[Annotator "ChessBase"]
[PlyCount "98"]
[EventDate "2020.09.21"]
[EventCountry "CZE"]
[SourceTitle "playchess.com"]
[Source "ChessBase"]
[SourceQuality "1"]
[TimeControl "40/5400+30:1800+30"]

1. Nf3 {[%emt 1:04:44]} d5 2. c4 {[%emt 0:00:00]} d4 {[%emt 0:00:08]} 3. b4 {[%emt 0:00:00]} f6 {[%emt 0:00:30]} 4. d3 {[%emt 0:00:00]} e5 {[%emt 0:00:24]} 5. a3 {[%emt 0:00:00]} c5 {[%emt 0:15:54]} 6. Qb3 {[%emt 0:00:00]} a5 {[%emt 0:01:19]} 7. bxc5 {[%emt 0:00:00]} Bxc5 {[%emt 0:06:01]} 8. a4 {[%emt 0:00:00]} Nc6 {[%emt 0:06:20]} 9. g3 {[%emt 0:00:00]} Nge7 {[%emt 0:01:43]} 10. Bg2 {[%emt 0:00:00]} O-O {[%emt 0:02:38]} 11. O-O {[%emt 0:00:00]} Rb8 {[%emt 0:11:52]} 12. Nbd2 {[%emt 0:00:00]} b6 {[%emt 0:00:26]} 13. Ne4 {[%emt 0:00:00]} Kh8 {[%emt 0:09:39]} 14. Nxc5 {[%emt 0:00:00]} bxc5 {[%emt 0:00:04]} 15. Qa3 {[%emt 0:00:00]} Nb4 {[%emt 0:00:33]} 16. Rb1 {[%emt 0:00:00]} Bb7 {[%emt 0:00:51]} 17. Bd2 {[%emt 0:00:00]} Qd7 {[%emt 0:03:45]} 18. Rb2 {[%emt 0:00:00]} Rbd8 {[%emt 0:04:42]} 19. Qb3 {[%emt 0:00:00]} Bc6 {[%emt 0:08:56]} 20. Ra1 {[%emt 0:00:00]} Qb7 {[%emt 0:00:18]} 21. Qd1 {[%emt 0:00:00]} Ng6 {[%emt 0:04:20]} 22. Qf1 {[%emt 0:00:00]} e4 {[%emt 0:01:59]} 23. Ne1 {[%emt 0:00:00]} f5 {[%emt 0:00:30]} 24. f4 {[%emt 0:00:00]} Rfe8 {[%emt 0:02:18]} 25. Bxb4 {[%emt 0:01:25]} axb4 {[%emt 0:00:05]} 26. a5 {[%emt 0:00:56]} Ra8 {[%emt 0:01:14]} 27. e3 {[%emt 0:08:03]} dxe3 {[%emt 0:05:43]} 28. dxe4 {[%emt 0:02:16]} Bxe4 {[%emt 0:00:41]} 29. Nd3 {[%emt 0:00:08]} Qc6 {[%emt 0:03:48]} 30. Nc1 {[%emt 0:01:07]} Nf8 {[%emt 0:01:07]} 31. Nb3 {[%emt 0:00:40]} Ne6 {[%emt 0:02:08]} 32. Rd1 {[%emt 0:15:22]} Red8 {[%emt 0:00:14]} 33. Re1 {[%emt 0:02:48]} Nd4 {[%emt 0:00:47]} 34. Rxe3 {[%emt 0:01:18]} Nxb3 {[%emt 0:00:06]} 35. Bxe4 {[%emt 0:00:54]} fxe4 {[%emt 0:00:08]} 36. Rbxb3 {[%emt 0:00:11]} Rxa5 {[%emt 0:00:07]} 37. Rb2 {[%emt 0:01:06]} Rd4 {[%emt 0:00:20]} 38. f5 {[%emt 0:02:36]} h6 {[%emt 0:00:29]} 39. Rf2 {[%emt 0:00:58]} Qf6 {[%emt 0:02:07]} 40. Qe2 {[%emt 0:03:22]} Ra1+ {[%emt 0:01:40]} 41. Kg2 {[%emt 0:02:40]} Rc1 {[%emt 0:09:44]} 42. Qh5 {[%emt 0:03:44]} Rdxc4 {[%emt 0:01:24]} 43. Qe8+ {[%emt 0:00:57]} Kh7 {[%emt 0:00:04]} 44. Kh3 {[%emt 0:03:53]} Rd4 {[%emt 0:06:37]} 45. Rf4 {[%emt 0:05:44]} c4 {[%emt 0:03:52]} 46. Qb5 {[%emt 0:00:21]} b3 {[%emt 0:00:52]} 47. Re2 {[%emt 0:02:06]} Rc2 {[%emt 0:00:44]} 48. Rfxe4 {[%emt 0:08:27]} Rxe4 {[%emt 0:02:37]} 49. Rxe4 {[%emt 0:00:06]} b2 {[%emt 0:00:41]} 0-1

[Event "Czech Open GM 2020"]
[Site "Pardubice"]
[Date "2020.09.28"]
[Round "9.12"]
[White "Kueppers, Timo"]
[Black "Jurcik, Marian"]
[Result "1-0"]
[WhiteElo "2277"]
[BlackElo "2426"]
[Annotator "ChessBase"]
[PlyCount "131"]
[EventDate "2020.09.21"]
[EventCountry "CZE"]
[SourceTitle "playchess.com"]
[Source "ChessBase"]
[SourceQuality "1"]
[TimeControl "40/5400+30:1800+30"]

1. c4 {[%emt 0:13:59]} e5 {[%emt 0:04:21]} 2. g3 {[%emt 0:00:16]} Nc6 {[%emt 0:08:52]} 3. Nc3 {[%emt 0:00:06]} Bb4 {[%emt 0:01:44]} 4. Nd5 {[%emt 0:02:46]} Bc5 {[%emt 0:01:03]} 5. Bg2 {[%emt 0:00:19]} Nf6 {[%emt 0:01:56]} 6. d3 {[%emt 0:05:00]} Nxd5 {[%emt 0:10:35]} 7. cxd5 {[%emt 0:00:56]} Qf6 {[%emt 0:01:53]} 8. Nf3 {[%emt 0:07:49]} Nd4 {[%emt 0:03:06]} 9. Nxd4 {[%emt 0:10:43]} Bxd4 {[%emt 0:00:27]} 10. O-O {[%emt 0:02:40]} O-O {[%emt 0:01:50]} 11. Qc2 {[%emt 0:02:19]} c6 {[%emt 0:06:58]} 12. Bd2 {[%emt 0:08:01]} cxd5 {[%emt 0:25:45]} 13. Bxd5 {[%emt 0:00:17]} d6 {[%emt 0:00:21]} 14. e3 {[%emt 0:00:06]} Bb6 {[%emt 0:00:41]} 15. a4 {[%emt 0:02:55]} Rb8 {[%emt 0:12:28]} 16. a5 {[%emt 0:03:24]} Bd8 {[%emt 0:00:02]} 17. Rfc1 {[%emt 0:07:26]} Bd7 {[%emt 0:01:39]} 18. Qb3 {[%emt 0:00:54]} b6 {[%emt 0:01:28]} 19. a6 {[%emt 0:02:35]} b5 {[%emt 0:01:49]} 20. Bb4 {[%emt 0:02:58]} Bb6 {[%emt 0:05:06]} 21. Qa3 {[%emt 0:00:46]} Rfe8 {[%emt 0:01:36]} 22. Bxd6 {[%emt 0:01:08]} Rbd8 {[%emt 0:00:43]} 23. Bc7 {[%emt 0:03:20]} Rc8 {[%emt 0:01:42]} 24. Bxb6 {[%emt 0:00:21]} Qxb6 {[%emt 0:00:34]} 25. Bb7 {[%emt 0:03:17]} b4 {[%emt 0:02:18]} 26. Qb3 {[%emt 0:00:19]} Rc5 {[%emt 0:01:06]} 27. Rxc5 {[%emt 0:07:32]} Qxc5 {[%emt 0:00:02]} 28. Bd5 {[%emt 0:00:31]} Be6 {[%emt 0:01:35]} 29. Bxe6 {[%emt 0:01:59]} Rxe6 {[%emt 0:00:01]} 30. Qc4 {[%emt 0:01:04]} Qxc4 {[%emt 0:02:32]} 31. dxc4 {[%emt 0:00:05]} Kf8 {[%emt 0:00:18]} 32. Kf1 {[%emt 0:01:16]} Ke7 {[%emt 0:00:41]} 33. Ke2 {[%emt 0:00:20]} e4 {[%emt 0:00:40]} 34. Ra5 {[%emt 0:01:26]} Kd7 {[%emt 0:00:29]} 35. h4 {[%emt 0:06:23]} Kc7 {[%emt 0:00:22]} 36. Rf5 {[%emt 0:00:30]} f6 37. Ra5 {[%emt 0:00:30]} Rd6 {[%emt 0:01:00]} 38. h5 {[%emt 0:01:06]} g6 {[%emt 0:00:41]} 39. g4 {[%emt 0:01:06]} Rc6 {[%emt 0:00:33]} 40. hxg6 {[%emt 0:00:55]} hxg6 {[%emt 0:00:03]} 41. Kd2 {[%emt 0:08:51]} Rxc4 {[%emt 0:07:10]} 42. Rb5 {[%emt 0:00:25]} Kd6 {[%emt 0:14:59]} 43. Rb7 {[%emt 0:00:15]} Rc7 {[%emt 0:05:08]} 44. Rxb4 {[%emt 0:00:14]} Rc6 {[%emt 0:00:11]} 45. Rd4+ {[%emt 0:08:30]} Ke5 {[%emt 0:01:05]} 46. Ra4 {[%emt 0:00:08]} Kd5 {[%emt 0:02:26]} 47. b3 {[%emt 0:01:03]} f5 {[%emt 0:01:51]} 48. Ra5+ {[%emt 0:01:24]} Ke6 {[%emt 0:00:16]} 49. gxf5+ {[%emt 0:01:12]} gxf5 {[%emt 0:00:01]} 50. b4 {[%emt 0:00:33]} Rc4 {[%emt 0:00:50]} 51. b5 {[%emt 0:11:40]} Rc5 {[%emt 0:00:29]} 52. Ra1 {[%emt 0:01:37]} Rxb5 {[%emt 0:00:04]} 53. Rh1 {[%emt 0:00:04]} Rd5+ {[%emt 0:01:53]} 54. Kc3 {[%emt 0:00:06]} Rd7 {[%emt 0:00:35]} 55. Kc4 {[%emt 0:00:34]} Ke5 {[%emt 0:00:49]} 56. Rh8 {[%emt 0:01:02]} Rd2 {[%emt 0:00:39]} 57. Rh7 {[%emt 0:00:40]} Rc2+ {[%emt 0:00:25]} 58. Kb3 {[%emt 0:00:16]} Rc6 {[%emt 0:00:37]} 59. Rxa7 {[%emt 0:00:07]} Kd5 {[%emt 0:00:26]} 60. Rd7+ {[%emt 0:01:11]} Ke6 {[%emt 0:00:20]} 61. a7 {[%emt 0:00:15]} Ra6 {[%emt 0:00:13]} 62. Rh7 {[%emt 0:00:10]} Kd5 {[%emt 0:00:25]} 63. Kb4 {[%emt 0:00:32]} Ra1 {[%emt 0:00:57]} 64. Kb5 {[%emt 0:00:19]} Ra2 {[%emt 0:00:39]} 65. Kb6 {[%emt 0:00:09]} Kc4 {[%emt 0:00:26]} 66. Rd7 {[%emt 0:00:57]} 1-0

[Event "Czech Open GM 2020"]
[Site "Pardubice"]
[Date "2020.09.28"]
[Round "9.13"]
[White "Nemcova, Karin"]
[Black "Pantzar, Milton"]
[Result "0-1"]
[WhiteElo "1983"]
[BlackElo "2424"]
[Annotator "ChessBase"]
[PlyCount "126"]
[EventDate "2020.09.21"]
[EventCountry "CZE"]
[SourceTitle "playchess.com"]
[Source "ChessBase"]
[SourceQuality "1"]
[TimeControl "40/5400+30:1800+30"]

1. e4 {[%emt 0:00:00]} c6 {[%emt 0:00:00]} 2. d4 {[%emt 0:00:00]} d5 {[%emt 0:00:00]} 3. Nc3 {[%emt 0:00:00]} dxe4 {[%emt 0:00:04]} 4. Nxe4 {[%emt 0:00:00]} Nf6 {[%emt 0:00:08]} 5. Nxf6+ {[%emt 0:00:00]} exf6 {[%emt 0:00:08]} 6. c3 {[%emt 0:00:15]} Bd6 {[%emt 0:00:09]} 7. Bd3 {[%emt 0:00:09]} O-O {[%emt 0:00:08]} 8. Ne2 {[%emt 0:00:09]} Re8 {[%emt 0:00:08]} 9. Qc2 {[%emt 0:00:10]} h5 {[%emt 0:00:09]} 10. O-O {[%emt 0:00:08]} h4 {[%emt 0:00:15]} 11. h3 {[%emt 0:00:51]} Nd7 {[%emt 0:01:26]} 12. Bd2 {[%emt 0:00:21]} Nf8 {[%emt 0:01:59]} 13. Rae1 {[%emt 0:01:57]} Bd7 {[%emt 0:10:33]} 14. c4 {[%emt 0:00:40]} Rc8 {[%emt 0:04:28]} 15. f4 {[%emt 0:04:42]} Bb8 {[%emt 0:05:31]} 16. f5 {[%emt 0:12:14]} Nh7 {[%emt 0:01:41]} 17. Bf4 {[%emt 0:01:37]} Bxf4 {[%emt 0:08:13]} 18. Rxf4 {[%emt 0:00:54]} Qa5 {[%emt 0:00:31]} 19. b4 {[%emt 0:05:47]} Qxb4 {[%emt 0:05:35]} 20. Rb1 {[%emt 0:00:36]} Qd6 {[%emt 0:06:27]} 21. c5 {[%emt 0:10:06]} Qc7 {[%emt 0:01:31]} 22. Rxh4 {[%emt 0:00:17]} Re3 {[%emt 0:02:04]} 23. Bc4 {[%emt 0:11:42]} Ng5 {[%emt 0:03:59]} 24. Nf4 {[%emt 0:01:09]} Rce8 {[%emt 0:02:47]} 25. Ng6 {[%emt 0:02:26]} Nh7 {[%emt 0:15:25]} 26. Bxf7+ {[%emt 0:20:50]} Kxf7 {[%emt 0:00:03]} 27. Rxh7 {[%emt 0:01:53]} Bc8 {[%emt 0:12:35]} 28. h4 {[%emt 0:07:02]} Qd7 {[%emt 0:04:09]} 29. Qc4+ {[%emt 0:00:55]} Qd5 {[%emt 0:00:14]} 30. Qxd5+ {[%emt 0:02:36]} cxd5 {[%emt 0:00:02]} 31. h5 {[%emt 0:02:11]} Kg8 {[%emt 0:03:39]} 32. Rh8+ {[%emt 0:00:37]} Kf7 {[%emt 0:00:05]} 33. Rxe8 {[%emt 0:05:33]} Kxe8 {[%emt 0:01:28]} 34. Nf4 {[%emt 0:00:47]} Re7 {[%emt 0:05:48]} 35. Rf1 {[%emt 0:03:39]} Re4 {[%emt 0:01:15]} 36. Nxd5 {[%emt 0:02:42]} Rxd4 {[%emt 0:00:18]} 37. Nc7+ {[%emt 0:00:14]} Kd8 {[%emt 0:01:08]} 38. Nb5 {[%emt 0:01:26]} Rd5 {[%emt 0:01:36]} 39. g4 {[%emt 0:00:49]} Rxc5 {[%emt 0:00:30]} 40. Rd1+ {[%emt 0:00:16]} Bd7 {[%emt 0:02:50]} 41. Nd4 {[%emt 0:05:41]} Ke7 {[%emt 0:02:19]} 42. Kf2 {[%emt 0:00:36]} Rc3 {[%emt 0:02:18]} 43. Re1+ {[%emt 0:09:36]} Kf7 {[%emt 0:00:17]} 44. Re3 {[%emt 0:01:27]} Rc4 {[%emt 0:02:32]} 45. Rd3 {[%emt 0:00:07]} b5 {[%emt 0:00:57]} 46. Ke3 {[%emt 0:06:00]} b4 {[%emt 0:02:11]} 47. g5 {[%emt 0:05:52]} fxg5 {[%emt 0:09:31]} 48. Nf3 {[%emt 0:00:06]} Rc7 {[%emt 0:01:57]} 49. Ne5+ {[%emt 0:01:50]} Ke8 {[%emt 0:00:35]} 50. f6 {[%emt 0:01:53]} Bf5 {[%emt 0:00:35]} 51. Rd6 {[%emt 0:01:08]} gxf6 {[%emt 0:00:52]} 52. Rxf6 {[%emt 0:00:15]} Bb1 {[%emt 0:01:15]} 53. Re6+ {[%emt 0:02:17]} Kf8 {[%emt 0:03:31]} 54. h6 {[%emt 0:00:07]} Bxa2 {[%emt 0:02:46]} 55. Rd6 {[%emt 0:02:06]} Kg8 {[%emt 0:02:37]} 56. Nd7 {[%emt 0:00:21]} Rxd7 {[%emt 0:03:16]} 57. Rxd7 {[%emt 0:00:07]} b3 {[%emt 0:01:07]} 58. Rb7 {[%emt 0:00:13]} a5 {[%emt 0:00:08]} 59. Kd4 {[%emt 0:00:48]} a4 {[%emt 0:00:53]} 60. Ke5 {[%emt 0:01:05]} a3 {[%emt 0:00:28]} 61. Kf6 {[%emt 0:00:34]} b2 {[%emt 0:00:27]} 62. h7+ {[%emt 0:00:39]} Kh8 {[%emt 0:00:03]} 63. Rb8+ {[%emt 0:00:30]} Kxh7 {[%emt 0:00:04]} 0-1

[Event "Czech Open GM 2020"]
[Site "Pardubice"]
[Date "2020.09.28"]
[Round "9.14"]
[White "Degenhard, Simon"]
[Black "Vokac, Marek"]
[Result "0-1"]
[WhiteElo "2271"]
[BlackElo "2365"]
[Annotator "ChessBase"]
[PlyCount "136"]
[EventDate "2020.09.21"]
[EventCountry "CZE"]
[SourceTitle "playchess.com"]
[Source "ChessBase"]
[SourceQuality "1"]
[TimeControl "40/5400+30:1800+30"]

1. e4 {[%emt 0:00:00]} g6 {[%emt 0:00:00]} 2. d4 {[%emt 0:00:00]} Bg7 {[%emt 0:00:00]} 3. Nc3 {[%emt 0:00:00]} c6 {[%emt 0:00:40]} 4. Nf3 {[%emt 0:00:04]} d6 {[%emt 0:00:16]} 5. Be3 {[%emt 0:00:58]} b5 {[%emt 0:00:35]} 6. Qd2 {[%emt 0:03:42]} Nd7 {[%emt 0:05:24]} 7. Bd3 {[%emt 0:02:43]} Bb7 {[%emt 0:08:20]} 8. O-O {[%emt 0:00:33]} a6 {[%emt 0:05:38]} 9. Rfd1 {[%emt 0:07:48]} Qc7 {[%emt 0:04:32]} 10. h3 {[%emt 0:08:06]} c5 {[%emt 0:04:28]} 11. a3 {[%emt 0:05:43]} cxd4 {[%emt 0:00:58]} 12. Nxd4 {[%emt 0:02:25]} Ngf6 {[%emt 0:00:10]} 13. Bh6 {[%emt 0:06:31]} O-O {[%emt 0:03:30]} 14. Bxg7 {[%emt 0:04:05]} Kxg7 {[%emt 0:02:07]} 15. Qe2 {[%emt 0:04:56]} Nc5 {[%emt 0:05:39]} 16. Re1 {[%emt 0:03:03]} e5 {[%emt 0:00:35]} 17. Nb3 {[%emt 0:03:11]} Ne6 {[%emt 0:07:22]} 18. Qe3 {[%emt 0:03:35]} Rad8 {[%emt 0:01:55]} 19. Rad1 {[%emt 0:01:45]} d5 {[%emt 0:03:37]} 20. exd5 {[%emt 0:01:00]} Nxd5 {[%emt 0:00:03]} 21. Qxe5+ {[%emt 0:01:51]} Qxe5 {[%emt 0:09:30]} 22. Rxe5 {[%emt 0:00:10]} Nxc3 {[%emt 0:00:51]} 23. bxc3 {[%emt 0:00:08]} Nf4 {[%emt 0:00:41]} 24. f3 {[%emt 0:01:29]} Rd5 {[%emt 0:12:49]} 25. Re7 {[%emt 0:03:22]} Ba8 {[%emt 0:01:14]} 26. Ra7 {[%emt 0:02:13]} Rg5 {[%emt 0:05:34]} 27. Bf1 {[%emt 0:03:12]} Bxf3 {[%emt 0:01:29]} 28. Rd2 {[%emt 0:00:10]} Bd5 {[%emt 0:01:17]} 29. Kh2 {[%emt 0:01:06]} Rc8 {[%emt 0:03:56]} 30. Rf2 {[%emt 0:07:19]} Nh5 {[%emt 0:00:37]} 31. Rxa6 {[%emt 0:08:04]} Ng3 {[%emt 0:01:14]} 32. Bxb5 {[%emt 0:07:29]} Ne4 {[%emt 0:00:27]} 33. Rf4 {[%emt 0:00:52]} Nc5 {[%emt 0:02:04]} 34. Rd6 {[%emt 0:04:15]} Rxg2+ {[%emt 0:00:52]} 35. Kh1 {[%emt 0:00:05]} Rg5+ {[%emt 0:00:34]} 36. Kh2 {[%emt 0:02:31]} Nxb3 {[%emt 0:00:42]} 37. cxb3 {[%emt 0:00:17]} Rxc3 {[%emt 0:01:56]} 38. Rf2 Bxb3 {[%emt 0:02:50]} 39. a4 {[%emt 0:00:05]} Be6 {[%emt 0:00:00]} 40. Rd3 {[%emt 0:01:56]} Rxd3 {[%emt 0:00:04]} 41. Bxd3 {[%emt 0:30:36]} Rc5 {[%emt 0:30:27]} 42. Rf4 {[%emt 0:00:00]} Rc3 {[%emt 0:00:00]} 43. Rd4 {[%emt 0:00:00]} Ra3 {[%emt 0:00:00]} 44. h4 {[%emt 0:00:00]} Kf6 {[%emt 0:00:00]} 45. Bb5 {[%emt 0:00:00]} Ke5 {[%emt 0:00:00]} 46. Rd3 {[%emt 0:00:00]} Ra2+ {[%emt 0:00:00]} 47. Kg3 {[%emt 0:00:00]} Bd5 {[%emt 0:00:00]} 48. Be8 {[%emt 0:00:00]} Ke4 {[%emt 0:00:00]} 49. Rd1 {[%emt 0:00:00]} Ra3+ {[%emt 0:14:22]} 50. Kg4 {[%emt 0:08:20]} f6 {[%emt 0:01:48]} 51. Re1+ {[%emt 0:00:00]} Kd4 {[%emt 0:03:10]} 52. Rf1 {[%emt 0:02:53]} Ke5 {[%emt 0:01:56]} 53. Re1+ {[%emt 0:04:12]} Kd6 {[%emt 0:00:00]} 54. Rf1 {[%emt 0:00:14]} Ke7 {[%emt 0:00:50]} 55. Bb5 {[%emt 0:03:14]} h5+ {[%emt 0:00:00]} 56. Kf4 {[%emt 0:00:00]} Rh3 {[%emt 0:00:00]} 57. a5 {[%emt 0:00:00]} Rxh4+ {[%emt 0:00:00]} 58. Ke3 {[%emt 0:00:00]} Re4+ {[%emt 0:00:00]} 59. Kd3 {[%emt 0:00:00]} Rb4 {[%emt 0:00:00]} 60. Re1+ {[%emt 0:00:00]} Kd6 {[%emt 0:00:00]} 61. Be8 {[%emt 0:00:00]} h4 {[%emt 0:00:00]} 62. Bxg6 {[%emt 0:00:00]} h3 {[%emt 0:00:00]} 63. Kc3 {[%emt 0:00:00]} Rc4+ {[%emt 0:00:00]} 64. Kd3 {[%emt 0:00:00]} Ra4 {[%emt 0:00:00]} 65. a6 {[%emt 0:00:00]} h2 {[%emt 0:00:00]} 66. Be8 {[%emt 0:00:00]} Rxa6 {[%emt 0:00:00]} 67. Bb5 {[%emt 0:00:00]} Ra3+ {[%emt 0:00:00]} 68. Kd4 {[%emt 0:00:00]} h1=Q {[%emt 0:00:00]} 0-1

[Event "Czech Open GM 2020"]
[Site "Pardubice"]
[Date "2020.09.28"]
[Round "9.15"]
[White "Bulockin, Martin"]
[Black "Sernecki, Franciszek"]
[Result "1-0"]
[WhiteElo "2297"]
[BlackElo "2248"]
[Annotator "ChessBase"]
[PlyCount "87"]
[EventDate "2020.09.21"]
[EventCountry "CZE"]
[SourceTitle "playchess.com"]
[Source "ChessBase"]
[SourceQuality "1"]
[TimeControl "40/5400+30:1800+30"]

1. d4 {[%emt 0:02:37]} Nf6 {[%emt 0:00:00]} 2. Nf3 {[%emt 0:00:50]} e6 {[%emt 0:00:00]} 3. Bf4 {[%emt 0:00:25]} c5 {[%emt 0:00:10]} 4. e3 {[%emt 0:03:20]} Qb6 {[%emt 0:00:43]} 5. Nc3 {[%emt 0:08:54]} a6 {[%emt 0:06:21]} 6. Rb1 {[%emt 0:05:14]} Nc6 {[%emt 0:06:10]} 7. a3 {[%emt 0:01:59]} d5 {[%emt 0:04:26]} 8. Be2 {[%emt 0:03:41]} Be7 {[%emt 0:11:21]} 9. h3 {[%emt 0:01:29]} O-O {[%emt 0:07:03]} 10. O-O {[%emt 0:01:22]} Bd7 {[%emt 0:04:40]} 11. Qd2 {[%emt 0:06:01]} Rac8 {[%emt 0:03:47]} 12. Bg5 {[%emt 0:11:05]} Rfd8 {[%emt 0:05:41]} 13. Na4 {[%emt 0:02:59]} Qa7 {[%emt 0:01:16]} 14. Bxf6 {[%emt 0:01:56]} gxf6 {[%emt 0:00:44]} 15. Nxc5 {[%emt 0:01:33]} Bxc5 {[%emt 0:01:49]} 16. dxc5 {[%emt 0:00:01]} Qxc5 {[%emt 0:00:26]} 17. Rfd1 {[%emt 0:02:22]} Ne5 {[%emt 0:06:08]} 18. Nd4 {[%emt 0:03:27]} Nc4 {[%emt 0:07:06]} 19. Bxc4 {[%emt 0:05:03]} Qxc4 {[%emt 0:01:00]} 20. c3 {[%emt 0:00:44]} e5 {[%emt 0:02:01]} 21. Ne2 {[%emt 0:00:27]} Bf5 {[%emt 0:05:13]} 22. Rbc1 {[%emt 0:00:09]} Bg6 {[%emt 0:08:27]} 23. Ng3 {[%emt 0:02:24]} Rc6 {[%emt 0:01:11]} 24. f4 {[%emt 0:02:13]} h5 {[%emt 0:04:53]} 25. h4 {[%emt 0:02:14]} Rcd6 {[%emt 0:02:46]} 26. Qf2 {[%emt 0:02:13]} Be4 {[%emt 0:01:38]} 27. Nxh5 {[%emt 0:00:58]} Kh8 {[%emt 0:00:53]} 28. Rd2 {[%emt 0:04:13]} Rg8 {[%emt 0:01:23]} 29. Ng3 {[%emt 0:01:47]} Rg4 {[%emt 0:01:59]} 30. b3 {[%emt 0:01:21]} Qc5 {[%emt 0:00:25]} 31. Rcd1 {[%emt 0:07:29]} Bh7 {[%emt 0:01:07]} 32. Ne2 {[%emt 0:01:25]} Be4 {[%emt 0:01:01]} 33. Ng3 {[%emt 0:00:23]} Bh7 {[%emt 0:00:04]} 34. Ne2 {[%emt 0:00:04]} Be4 {[%emt 0:00:36]} 35. g3 {[%emt 0:01:51]} Qxa3 {[%emt 0:01:31]} 36. fxe5 {[%emt 0:00:31]} fxe5 {[%emt 0:00:17]} 37. Qxf7 {[%emt 0:00:25]} Rdg6 {[%emt 0:00:53]} 38. Qe8+ {[%emt 0:01:23]} Kh7 {[%emt 0:00:07]} 39. Rf1 {[%emt 0:01:05]} Qc5 {[%emt 0:01:47]} 40. Rf7+ {[%emt 0:02:01]} Rg7 {[%emt 0:00:01]} 41. Kf2 {[%emt 0:32:56]} Qd6 {[%emt 0:32:48]} 42. Rf8 {[%emt 0:02:26]} Kh6 {[%emt 0:00:00]} 43. c4 {[%emt 0:00:00]} Qb4 {[%emt 0:00:00]} 44. Rxd5 {[%emt 0:00:00]} 1-0

[Event "Czech Open GM 2020"]
[Site "Pardubice"]
[Date "2020.09.28"]
[Round "9.16"]
[White "Krasteva, Beloslava"]
[Black "Dixa, Oskar"]
[Result "1-0"]
[WhiteElo "2296"]
[BlackElo "1972"]
[Annotator "ChessBase"]
[PlyCount "79"]
[EventDate "2020.09.21"]
[EventCountry "CZE"]
[SourceTitle "playchess.com"]
[Source "ChessBase"]
[SourceQuality "1"]
[TimeControl "40/5400+30:1800+30"]

1. d4 {[%emt 0:00:00]} Nf6 {[%emt 0:00:00]} 2. c4 {[%emt 0:00:03]} e6 {[%emt 0:00:05]} 3. Nc3 {[%emt 0:00:16]} Bb4 {[%emt 0:00:49]} 4. e3 {[%emt 0:00:25]} O-O {[%emt 0:00:15]} 5. Bd3 {[%emt 0:00:30]} d5 {[%emt 0:00:16]} 6. a3 {[%emt 0:00:46]} Bxc3+ {[%emt 0:02:58]} 7. bxc3 {[%emt 0:00:10]} c5 {[%emt 0:00:58]} 8. cxd5 {[%emt 0:01:14]} exd5 {[%emt 0:00:56]} 9. Ne2 {[%emt 0:00:43]} Nc6 {[%emt 0:03:36]} 10. O-O {[%emt 0:01:22]} Re8 {[%emt 0:05:17]} 11. f3 {[%emt 0:01:59]} cxd4 {[%emt 0:00:55]} 12. cxd4 {[%emt 0:01:12]} a6 {[%emt 0:07:32]} 13. Ng3 {[%emt 0:03:48]} b5 {[%emt 0:00:56]} 14. Ra2 {[%emt 0:05:47]} Bb7 {[%emt 0:02:30]} 15. Re2 {[%emt 0:09:07]} Qb6 {[%emt 0:03:13]} 16. Kh1 {[%emt 0:07:50]} Rad8 {[%emt 0:02:58]} 17. Nf5 {[%emt 0:02:50]} g6 {[%emt 0:06:54]} 18. Ng3 {[%emt 0:00:42]} b4 {[%emt 0:00:51]} 19. Qa4 {[%emt 0:10:26]} a5 {[%emt 0:04:58]} 20. Bd2 {[%emt 0:02:45]} Rb8 {[%emt 0:04:29]} 21. Rc1 {[%emt 0:05:15]} Rec8 {[%emt 0:03:31]} 22. Rc5 {[%emt 0:08:33]} bxa3 {[%emt 0:05:24]} 23. Qxa3 {[%emt 0:07:01]} Nb4 {[%emt 0:02:47]} 24. Rxa5 {[%emt 0:02:56]} Nxd3 {[%emt 0:09:33]} 25. Qxd3 {[%emt 0:00:08]} Rc1+ {[%emt 0:00:15]} 26. Re1 {[%emt 0:02:58]} Rxe1+ {[%emt 0:00:43]} 27. Bxe1 {[%emt 0:00:01]} Bc6 {[%emt 0:00:41]} 28. Ra1 {[%emt 0:02:11]} Bb5 {[%emt 0:02:30]} 29. Qa3 {[%emt 0:01:44]} h5 {[%emt 0:01:16]} 30. h4 {[%emt 0:03:09]} Bc4 {[%emt 0:00:47]} 31. Kg1 {[%emt 0:01:03]} Qd8 {[%emt 0:01:38]} 32. Bf2 {[%emt 0:01:15]} Rb3 {[%emt 0:01:12]} 33. Qc5 {[%emt 0:03:59]} Nd7 {[%emt 0:00:57]} 34. Qd6 {[%emt 0:00:38]} Rb6 {[%emt 0:01:26]} 35. Qf4 {[%emt 0:00:32]} Nf8 {[%emt 0:00:09]} 36. Ra7 {[%emt 0:01:35]} Rb1+ {[%emt 0:01:37]} 37. Kh2 {[%emt 0:00:03]} f5 {[%emt 0:00:44]} 38. Nxf5 {[%emt 0:05:06]} Qb8 {[%emt 0:02:31]} 39. Nh6+ {[%emt 0:00:49]} Kh8 {[%emt 0:00:07]} 40. Rc7 {[%emt 0:01:23]} 1-0

[Event "Czech Open GM 2020"]
[Site "Pardubice"]
[Date "2020.09.28"]
[Round "9.17"]
[White "Lizak, Peter"]
[Black "Siekanski, Janusz"]
[Result "1/2-1/2"]
[WhiteElo "2457"]
[BlackElo "2184"]
[Annotator "ChessBase"]
[PlyCount "98"]
[EventDate "2020.09.21"]
[EventCountry "CZE"]
[SourceTitle "playchess.com"]
[Source "ChessBase"]
[SourceQuality "1"]
[TimeControl "40/5400+30:1800+30"]

1. d4 d5 2. c4 e6 3. Nc3 c5 4. cxd5 exd5 {[%emt 40:48:46]} 5. Nf3 Nc6 {[%emt 0:00:15]} 6. dxc5 d4 {[%emt 0:00:42]} 7. Na4 Bxc5 {[%emt 0:00:20]} 8. Nxc5 Qa5+ {[%emt 0:00:10]} 9. Qd2 Qxc5 {[%emt 0:00:22]} 10. e3 dxe3 {[%emt 0:02:20]} 11. Qxe3+ Qxe3+ {[%emt 0:00:18]} 12. Bxe3 {[%emt 0:00:15]} Be6 {[%emt 0:05:45]} 13. Bb5 {[%emt 0:00:11]} Nge7 {[%emt 0:01:13]} 14. Nd4 {[%emt 0:00:21]} Bd5 {[%emt 0:01:47]} 15. O-O {[%emt 0:00:23]} O-O {[%emt 0:06:47]} 16. Rfd1 {[%emt 0:00:57]} Rfd8 {[%emt 0:03:44]} 17. b3 {[%emt 0:04:58]} Nxd4 {[%emt 0:19:05]} 18. Bxd4 {[%emt 0:01:02]} Bc6 {[%emt 0:03:13]} 19. Bf1 {[%emt 0:04:09]} Nd5 {[%emt 0:05:38]} 20. Rd2 {[%emt 0:08:17]} Nf4 {[%emt 0:15:13]} 21. Rad1 {[%emt 0:10:30]} Ne6 {[%emt 0:12:04]} 22. Be3 {[%emt 0:00:20]} a6 {[%emt 0:02:55]} 23. Bd3 {[%emt 0:28:09]} g6 {[%emt 0:02:33]} 24. f4 {[%emt 0:02:36]} Rd7 {[%emt 0:03:45]} 25. Be2 {[%emt 0:21:13]} Rad8 {[%emt 0:01:33]} 26. Rxd7 {[%emt 0:02:26]} Rxd7 {[%emt 0:00:01]} 27. Rxd7 {[%emt 0:01:04]} Bxd7 28. g4 {[%emt 0:01:55]} f5 {[%emt 0:02:04]} 29. h3 {[%emt 0:01:41]} Kf7 {[%emt 0:00:55]} 30. Kf2 {[%emt 0:00:37]} Nc7 {[%emt 0:02:49]} 31. Kg3 {[%emt 0:02:09]} Bb5 {[%emt 0:01:39]} 32. Bd1 {[%emt 0:00:43]} Bd3 {[%emt 0:00:17]} 33. Bd4 {[%emt 0:03:40]} Ne6 {[%emt 0:01:01]} 34. Bb6 {[%emt 0:00:33]} Be4 {[%emt 0:00:42]} 35. Be2 {[%emt 0:01:02]} Ke7 {[%emt 0:01:11]} 36. gxf5 {[%emt 0:03:01]} gxf5 {[%emt 0:00:47]} 37. Bc4 {[%emt 0:00:44]} Kf6 {[%emt 0:01:14]} 38. Be3 {[%emt 0:00:44]} b5 {[%emt 0:02:07]} 39. Be2 {[%emt 0:00:27]} Bc6 {[%emt 0:03:10]} 40. Kh4 {[%emt 0:01:48]} Kg6 {[%emt 0:00:20]} 41. Kg3 {[%emt 0:03:34]} Kf6 {[%emt 0:01:51]} 42. Kf2 {[%emt 0:00:31]} Nc7 {[%emt 0:02:29]} 43. Bd4+ {[%emt 0:01:22]} Ke6 {[%emt 0:00:20]} 44. Be5 {[%emt 0:00:17]} Nd5 {[%emt 0:00:48]} 45. a3 {[%emt 0:02:16]} Ne7 {[%emt 0:01:46]} 46. Ke3 {[%emt 0:01:41]} Bd5 {[%emt 0:01:29]} 47. a4 {[%emt 0:09:12]} Bxb3 {[%emt 0:01:00]} 48. axb5 {[%emt 0:00:10]} axb5 {[%emt 0:00:14]} 49. Bxb5 {[%emt 0:00:08]} Bd5 {[%emt 0:00:57]} 1/2-1/2